000 00625nam a2200265Ia 4500
005 20260121171108.0
008 008 260114s9999 xx 000 0 eng d
020 _a9789811327575
037 _aEBOOK
040 _aCRL
040 _beng
040 _cCRL
041 _2eng
041 _aeng
084 _qCRL
100 _aMasahiko Aoki
_91071960
245 0 _aTransboundary Game of Life
260 _bSpringer
260 _bSpringer
260 _c2018
856 _uhttps://link.springer.com/openurl?genre=book&isbn=978-981-13-2757-5
942 _cEBOOK
999 _c1637690
_d1637690